Nihon no shigen mondai /

Saved in:
நூற்பட்டியல் விவரங்கள்
மற்ற எழுத்தாளர்கள்: Itagaki, Yoichi, 1908-
வடிவம்: புத்தகம்
மொழி:Japanese
வெளியீடப்பட்டது: Tōkyō : Nihon Keizai Shinbunsha, Shōwa 47 [1972]
பகுதிகள்:
குறியீடுகள்: குறிச்சொல் இணை
குறியீடுகள் இல்லை, இந்த குறிச்சொல்லை முதலில் பதிவு செய்யுங்கள்!
LEADER 00850nam a2200265 i 4500
001 007775507-3
005 20024617122053.0
008 980427s1972 ja b 000 0 jpn
010 |a 72815096 /J 
015 |a Ja72-13889 
035 0 |a ocm39023248 
040 |a DLC  |c *YNH*  |d CStRLIN 
050 0 0 |a HC55  |b .N53 
245 0 0 |6 880-01  |a Nihon no shigen mondai /  |c Itagaki Yoichi hen. 
260 |6 880-02  |a Tōkyō :  |b Nihon Keizai Shinbunsha,  |c Shōwa 47 [1972] 
300 |a 314 p. ;  |c 20 cm. 
504 |a Bibliography: p. 311-314. 
650 0 |a Natural resources. 
650 0 |a Natural resources  |z Japan. 
700 1 |6 880-03  |a Itagaki, Yoichi,  |d 1908- 
880 0 0 |6 245-01  |a 日本の資源問題 /  |c 板垣與一編. 
880 |6 260-02  |a 東京 :  |b 日本新聞社,  |c 昭和47 [1972] 
880 1 |6 700-03  |a 板垣與一,  |d 1908- 
988 |a 20021221 
906 |0 DLC